| 000 | 00669nam a2200241 a 4500 | ||
|---|---|---|---|
| 001 | nice12345678 | ||
| 003 | IN_TiNIC | ||
| 005 | 20260116011910.0 | ||
| 008 | 050524s1967 newa grp 000 0 eng | ||
| 020 |
_a _c100 |
||
| 082 | 0 | 0 |
_a225.6 _bPAR |
| 100 | _aPartnership, Mission | ||
| 245 |
_aGreatest Is Love _b an Edition of the Living New Testament from Living Bible. |
||
| 260 |
_aNew Delhi _bPartnership Mission _c1967 |
||
| 300 | _a282p | ||
| 500 | _aincludes index and biblioraphy | ||
| 505 | 2 | _acisrs social research series no.11 | |
| 650 | _aBible N.T. Theology | ||
| 700 | 1 | _aPartnership, Mission | |
| 902 | _bSRS | ||
| 942 | _cBK | ||
| 999 |
_c4798 _d4798 |
||